همسات في أذن صائم / (رقم التسجيلة. 126002)

تفاصيل مارك
000 -الفاتح
عناصر البيانات ثابتة الطول 00679cam a2200205 i 4500
005 - تاريخ ووقت آخر معاملة
حقل ضبط 20251210110536.0
008 - عناصر البيانات ثابتة الطول
عناصر البيانات ثابتة الطول 250721r2012 jo gr 000 0 ara d
020 ## - الترقيم الدولي المعياري للكتب (ردمك)
الترقيم الدولي المعياري للكتب (ردمك) 9789957528591
082 14 - رقم تصنيف ديوي العشري
رقم التصنيف 216.23
رقم المادة م ف ت
100 1# - مدخل رئيسي – اسم شخصي
الاسم الشخصي المفتي، محمد مختار
علاقة الشخص بالعمل/ دوره مؤلف.
245 10 - بيان العنوان
العنوان همسات في أذن صائم /
بيان المسؤولية تاليف الدكتور محمد مختار المفتي.
250 ## - بيان الطبعة
بيان الطبعة الطبعة الاولى.
264 31 - بيانات النشر، التوزيع…إلخ
مكان النشر، التوزيع...إلخ عمان :
اسم الناشر، الموزع...إلخ أمواج للطباعة و النشر،
تاريخ النشر، التوزيع...إلخ 2012.
300 ## - الوصف المادي
عدد الوحدات المكونة للوعاء 140صفحة.
650 17 - مدخل إضافي بالموضوع - مصطلح موضوعي
مصطلح موضوعي أو اسم جغرافي كعنصر مدخل الاسلام.
650 17 - مدخل إضافي بالموضوع - مصطلح موضوعي
مصطلح موضوعي أو اسم جغرافي كعنصر مدخل العبادات.
650 17 - مدخل إضافي بالموضوع - مصطلح موضوعي
مصطلح موضوعي أو اسم جغرافي كعنصر مدخل الصوم.
942 ## - بيانات إضافية (كوها)
نوع التنصيف Dewey Decimal Classification
نوع المادة (كوها) كتب
المقتنيات
حالة السحب حالة الفقدان مصدر التصنيف حالة التلف غير قابل للإعارة المكتبة الرئيسية المكتبة الحالية موقع الرف تاريخ التزويد الرقم المتسلسل Total Checkouts رقم الإستدعاء الباركود تاريخ آخر ظهور تاريخ الفاتورة نوع المادة (كوها)
    Dewey Decimal Classification     المكتبة المركزية المكتبة المركزية الإعارة 28/07/2025 1529070   216.23 / م ف ت PLD00259300 28/07/2025 28/07/2025 كتب
    Dewey Decimal Classification     مكتبة أم قصير والمقابلين العامة مكتبة أم قصير والمقابلين العامة الإعارة 17/10/2012 1529073   216.23/مفت PLD00259340 28/07/2025 17/10/2012 كتب
    Dewey Decimal Classification     مكتبة الاميرة بديعة مكتبة الاميرة بديعة الإعارة 17/10/2012 1529074   216.23/مفت PLD00259341 28/07/2025 17/10/2012 كتب
    Dewey Decimal Classification     مكتبة الحسن العامة مكتبة الحسن العامة الإعارة 17/10/2012 1529072   216.23/مفت PLD00259339 28/07/2025 17/10/2012 كتب
    Dewey Decimal Classification     مكتبة صويلح العامة مكتبة صويلح العامة الإعارة 17/10/2012 1529071   216.23/مفت PLD00259338 28/07/2025 17/10/2012 كتب
Implemented & Customized by: BBB with SCIT (Smart Chains for Information Technology)

Powered by Koha